| 000 -LEADER |
| fixed length control field |
00697nam a2200205Ia 4500 |
| 001 - CONTROL NUMBER |
| control field |
22485 |
| 003 - CONTROL NUMBER IDENTIFIER |
| control field |
GE_BSU |
| 005 - DATE AND TIME OF LATEST TRANSACTION |
| control field |
20210502214043.0 |
| 008 - FIXED-LENGTH DATA ELEMENTS--GENERAL INFORMATION |
| fixed length control field |
181216r2018||||ru |||||||||||||| ||rus|| |
| 040 ## - CATALOGING SOURCE |
| Transcribing agency |
GE_BSU |
| 041 ## - LANGUAGE CODE |
| Language code of text/sound track or separate title |
rus |
| 245 ## - TITLE STATEMENT |
| Title |
Реферативный журнал. Электронное издание. 13Б. Математический анализ №2. 2018 |
| 260 ## - PUBLICATION, DISTRIBUTION, ETC. |
| Date of publication, distribution, etc. |
2018. |
| Place of publication, distribution, etc. |
Москва, |
| 300 ## - PHYSICAL DESCRIPTION |
| Extent |
cd |
| 653 ## - INDEX TERM--UNCONTROLLED |
| Uncontrolled term |
cd |
| 653 ## - INDEX TERM--UNCONTROLLED |
| Uncontrolled term |
Математика |
| 653 ## - INDEX TERM--UNCONTROLLED |
| Uncontrolled term |
Реферативный журнал Электронное издание. 13Б. Математический анализ |
| 653 ## - INDEX TERM--UNCONTROLLED |
| Uncontrolled term |
მათემატიკა |
| 942 ## - ADDED ENTRY ELEMENTS (KOHA) |
| Koha item type |
კომპიუტერის ფაილები |
| Source of classification or shelving scheme |
|